000 00630nam a2200229Ia 4500
003 OSt
005 20220927104920.0
006 a|||||r|||| 00| 0
007 ta
008 220926b |||||||| |||| 00| 0 eng d
024 _a200981
037 _cReference Collections
040 _aRTL
_cRTL
_beng
041 _2eng
_aeng
082 _a"n44Q7,N47, L0/RR"
100 _aRafe-Uz-Zaman
_9368352
245 0 _aPakistan Yearbook
260 _aKarachi
_bNational publishing house
_c1970
300 _a633p
_ccm.
942 _h"n44Q7,N47, L0/RR"
_cCC
999 _c689350
_d689350